NCAA Tournament #1 Seeds Quiz Stats

 Plays Quiz Updated Mar 14, 2021

Support Sporcle.
Go Orange.
Score 0/168 Timer 07:00
2 Plays Today
Year College % Correct
1986Duke
98%
1992Duke
98%
1998Duke
97.9%
1999Duke
97.9%
2000Duke
97.9%
2001Duke
97.9%
2002Duke
97.9%
2004Duke
97.9%
2005Duke
97.9%
2006Duke
97.9%
2011Duke
97.5%
2015Duke
97.2%
2019Duke
97.2%
1979North Carolina
97.1%
1982North Carolina
97.1%
1984North Carolina
97.1%
1987North Carolina
97.1%
1991North Carolina
97.1%
1993North Carolina
97.1%
1994North Carolina
97.1%
1997North Carolina
97.1%
1998North Carolina
97.1%
2005North Carolina
97.1%
2007North Carolina
97.1%
2008North Carolina
97.1%
2009North Carolina
97.1%
2012North Carolina
96.5%
2016North Carolina
96%
2017North Carolina
95.9%
2021Michigan
95.8%
2019North Carolina
95.5%
1980Kentucky
94.7%
1984Kentucky
94.7%
1986Kentucky
94.7%
1993Kentucky
94.7%
1995Kentucky
94.7%
1996Kentucky
94.7%
1997Kentucky
94.7%
2003Kentucky
94.7%
2004Kentucky
94.7%
2012Kentucky
94.7%
2010Duke
94.1%
1986Kansas
94.1%
1992Kansas
94.1%
1995Kansas
94.1%
1997Kansas
94.1%
1998Kansas
94.1%
2002Kansas
94.1%
2007Kansas
94.1%
2008Kansas
94.1%
2015Kentucky
94.1%
1985Michigan
93.6%
1993Michigan
93.6%
2011Kansas
93%
2013Kansas
92.7%
2021Gonzaga
92.6%
Year College % Correct
2016Kansas
92.3%
2017Kansas
92%
1979UCLA
91.8%
1992UCLA
91.8%
1995UCLA
91.8%
2008UCLA
91.8%
2018Kansas
91.7%
2012Michigan State
91.5%
2010Kentucky
91.1%
1990Michigan State
91.1%
1999Michigan State
91.1%
2000Michigan State
91.1%
2001Michigan State
91.1%
2007Florida
90.9%
2010Kansas
90.4%
2014Florida
89.4%
2021Illinois
88.8%
2019Virginia
88.4%
2018Virginia
88.1%
2003Texas
87.1%
2021Baylor
87%
2019Gonzaga
86.4%
2017Villanova
86%
1980Syracuse
85.8%
2018Villanova
85.5%
2015Villanova
84.8%
1991Ohio State
84.7%
1992Ohio State
84.7%
2007Ohio State
84.7%
1987Indiana
84.5%
1993Indiana
84.5%
2013Indiana
84.2%
2011Ohio State
84%
2017Gonzaga
84%
2016Virginia
83.3%
2014Virginia
83%
2012Syracuse
82.8%
2010Syracuse
82.6%
2014Arizona
81.6%
2016Oregon
80.4%
1990Connecticut
79.1%
1996Connecticut
79.1%
1999Connecticut
79.1%
2006Connecticut
79.1%
2009Connecticut
79.1%
2013Louisville
79.1%
1988Arizona
78.9%
1989Arizona
78.9%
1998Arizona
78.9%
2000Arizona
78.9%
2003Arizona
78.9%
2015Wisconsin
78.7%
1985Oklahoma
77.8%
1988Oklahoma
77.8%
1989Oklahoma
77.8%
1990Oklahoma
77.8%
Year College % Correct
2003Oklahoma
77.8%
1982Georgetown
77.3%
1984Georgetown
77.3%
1985Georgetown
77.3%
1987Georgetown
77.3%
1989Georgetown
77.3%
1983Louisville
76.3%
2009Louisville
76.3%
2013Gonzaga
75%
2006Villanova
74.9%
1981Virginia
71.2%
1982Virginia
71.2%
1983Virginia
71.2%
1989Illinois
71.1%
2001Illinois
71.1%
2005Illinois
71.1%
2005Washington
68.2%
2002Maryland
66.5%
1987UNLV
65.7%
1990UNLV
65.7%
1991UNLV
65.7%
1980LSU
65.7%
1981LSU
65.7%
2006Memphis
64.9%
2008Memphis
64.9%
2009Pittsburgh
64.5%
2011Pittsburgh
60%
1991Arkansas
59.1%
1994Arkansas
59.1%
2000Stanford
57.3%
2001Stanford
57.3%
2004Stanford
57.3%
1988Purdue
56.6%
1994Purdue
56.6%
1996Purdue
56.6%
1995Wake Forest
56.6%
1979Notre Dame
56.5%
1983St. John's
54.4%
1985St. John's
54.4%
1986St. John's
54.4%
1997Minnesota
54.2%
2018Xavier
53.9%
2014Wichita State
51.5%
1994Missouri
51%
1983Houston
48.4%
1979Indiana State
47.6%
1981Oregon State
47.1%
2002Cincinnati
45.1%
1996Massachusetts
42.1%
1999Auburn
40.1%
2004St. Joseph's
39.8%
1988Temple
37.3%
1980DePaul
37.2%
1981DePaul
37.2%
1982DePaul
37.2%
1984DePaul
37.2%

From the Vault

30 Facts That Start with 'Y'

by QuizzleMyShizzle

Hopefully you won't have to ask 'Y' any of these were included.
Remove Ads.
Support Sporcle.
Get the best of Sporcle when you Go Orange. This ad-free experience offers more features, more stats, and more fun while also helping to support Sporcle. Thank you for becoming a member.

Show Comments

Extras

Top Quizzes Today


Score Distribution

Your Account Isn't Verified!

In order to create a playlist on Sporcle, you need to verify the email address you used during registration. Go to your Sporcle Settings to finish the process.

Report this User

Report this user for behavior that violates our Community Guidelines.

Details: